Statistics for Can you type the first 500 natural numbers in 10 minutes?

Click here to take the quiz!

General Stats

  • This quiz has been taken 15 times
  • The average score is 306 of 500

Answer Stats

Answer% Correct
1
100%
12
100%
2
100%
3
100%
34
100%
4
100%
5
100%
6
100%
7
100%
8
100%
9
100%
10
92%
11
92%
123
92%
13
92%
15
92%
18
92%
19
92%
20
92%
21
92%
29
92%
122
85%
14
85%
16
85%
17
85%
22
85%
23
85%
24
85%
25
85%
26
85%
27
85%
28
85%
30
85%
31
85%
32
85%
33
85%
35
85%
36
85%
37
85%
39
85%
46
85%
55
85%
111
77%
121
77%
124
77%
125
77%
131
77%
133
77%
38
77%
40
77%
42
77%
43
77%
45
77%
47
77%
49
77%
50
77%
51
77%
54
77%
69
77%
70
77%
75
77%
76
77%
88
77%
93
77%
98
77%
100
69%
101
69%
102
69%
103
69%
104
69%
105
69%
106
69%
107
69%
108
69%
109
69%
110
69%
112
69%
113
69%
114
69%
115
69%
116
69%
117
69%
118
69%
119
69%
120
69%
126
69%
127
69%
128
69%
129
69%
130
69%
132
69%
134
69%
135
69%
136
69%
143
69%
151
69%
161
69%
163
69%
167
69%
168
69%
169
69%
181
69%
213
69%
242
69%
315
69%
316
69%
321
69%
325
69%
326
69%
328
69%
332
69%
333
69%
339
69%
344
69%
41
69%
44
69%
48
69%
52
69%
53
69%
56
69%
57
69%
58
69%
59
69%
60
69%
61
69%
62
69%
63
69%
64
69%
65
69%
66
69%
67
69%
68
69%
71
69%
72
69%
73
69%
74
69%
77
69%
78
69%
79
69%
80
69%
81
69%
82
69%
83
69%
84
69%
85
69%
86
69%
87
69%
89
69%
90
69%
91
69%
92
69%
94
69%
95
69%
96
69%
97
69%
99
69%
137
62%
138
62%
139
62%
140
62%
141
62%
142
62%
144
62%
145
62%
146
62%
147
62%
148
62%
149
62%
150
62%
152
62%
153
62%
154
62%
155
62%
156
62%
157
62%
158
62%
159
62%
160
62%
162
62%
164
62%
165
62%
166
62%
170
62%
171
62%
172
62%
173
62%
174
62%
175
62%
176
62%
177
62%
178
62%
179
62%
180
62%
182
62%
183
62%
184
62%
185
62%
186
62%
187
62%
188
62%
189
62%
190
62%
191
62%
192
62%
193
62%
194
62%
195
62%
196
62%
197
62%
198
62%
199
62%
200
62%
201
62%
202
62%
203
62%
204
62%
205
62%
206
62%
207
62%
208
62%
209
62%
210
62%
211
62%
212
62%
214
62%
215
62%
216
62%
217
62%
218
62%
219
62%
220
62%
221
62%
222
62%
223
62%
224
62%
225
62%
226
62%
227
62%
228
62%
229
62%
230
62%
231
62%
232
62%
234
62%
235
62%
236
62%
237
62%
238
62%
239
62%
240
62%
241
62%
243
62%
244
62%
245
62%
246
62%
247
62%
248
62%
249
62%
250
62%
251
62%
252
62%
253
62%
254
62%
255
62%
256
62%
257
62%
258
62%
259
62%
260
62%
261
62%
262
62%
263
62%
264
62%
265
62%
266
62%
267
62%
268
62%
269
62%
270
62%
271
62%
272
62%
273
62%
274
62%
275
62%
276
62%
277
62%
278
62%
279
62%
280
62%
281
62%
282
62%
283
62%
284
62%
285
62%
286
62%
287
62%
288
62%
289
62%
290
62%
291
62%
292
62%
293
62%
294
62%
295
62%
296
62%
297
62%
298
62%
299
62%
300
62%
301
62%
302
62%
304
62%
305
62%
306
62%
307
62%
308
62%
309
62%
311
62%
312
62%
313
62%
314
62%
317
62%
318
62%
319
62%
320
62%
322
62%
324
62%
327
62%
329
62%
330
62%
331
62%
334
62%
335
62%
336
62%
337
62%
338
62%
340
62%
341
62%
342
62%
343
62%
345
62%
346
62%
347
62%
348
62%
349
62%
350
62%
351
62%
352
62%
353
62%
354
62%
355
62%
356
62%
357
62%
358
62%
359
62%
360
62%
361
62%
362
62%
364
62%
365
62%
366
62%
367
62%
368
62%
233
54%
303
54%
310
54%
323
54%
363
54%
369
54%
370
54%
371
54%
372
54%
373
54%
374
54%
375
54%
376
54%
377
54%
378
54%
379
54%
380
54%
381
54%
382
54%
383
54%
384
54%
385
54%
386
54%
387
54%
388
54%
389
54%
390
54%
391
54%
392
54%
393
54%
394
54%
395
54%
396
54%
497
54%
498
54%
499
54%
500
54%
397
46%
398
46%
400
46%
401
46%
402
46%
403
46%
404
46%
405
46%
406
46%
407
46%
425
46%
437
46%
443
46%
455
46%
456
46%
469
46%
477
46%
478
46%
479
46%
484
46%
485
46%
488
46%
491
46%
495
46%
496
46%
399
38%
408
38%
409
38%
410
38%
411
38%
412
38%
413
38%
414
38%
415
38%
416
38%
417
38%
418
38%
419
38%
420
38%
421
38%
422
38%
423
38%
424
38%
426
38%
427
38%
428
38%
429
38%
430
38%
431
38%
432
38%
433
38%
435
38%
436
38%
438
38%
439
38%
440
38%
441
38%
442
38%
444
38%
445
38%
446
38%
447
38%
448
38%
449
38%
450
38%
451
38%
452
38%
453
38%
454
38%
457
38%
458
38%
459
38%
460
38%
462
38%
463
38%
464
38%
465
38%
466
38%
467
38%
468
38%
470
38%
471
38%
472
38%
473
38%
474
38%
475
38%
476
38%
480
38%
482
38%
483
38%
487
38%
489
38%
492
38%
493
38%
494
38%
434
31%
461
31%
481
31%
486
31%
490
31%

Score Distribution

Percentile by Number Answered

Percent of People with Each Score

Your Score History

You have not taken this quiz